Score 0/56 Timer 12:00
0 Plays Today
% Correct
Pirates of the Caribbean: The Curse of the Black Pearl
89.2%
Toy Story 3
87.7%
Finding Nemo
87.2%
Fantastic Mr. Fox
86.7%
Hunger Games: Mockingjay - Part 1, The
86.7%
Jurassic World
84.7%
Avengers, The
83.7%
How to Train Your Dragon
83.7%
Lord of the Rings: The Two Towers, The
82.8%
Saw
82.8%
Ring, The
80.8%
Superbad
80.8%
Cast Away
80.3%
Frost:Nixon
80.3%
Spider-Man
80.3%
Dark Knight, The
78.8%
Matrix Reloaded, The
78.8%
Inside Out
75.9%
Team America: World Police
73.9%
Anchorman: The Legend of Ron Burgundy (2004)
73.4%
Sweeney Todd: The Demon Barber of Fleet Street
72.4%
Kill Bill: Vol. 2
69%
Mean Girls
69%
Lincoln
68.5%
Pride & Prejudice
67.5%
Star Wars: The Force Awakens
67.5%
Gangs of New York
65.5%
V for Vendetta
64.5%
% Correct
Thank You for Smoking
64%
No Country for Old Men
63.5%
Brokeback Mountain
63.1%
Tropic Thunder
63.1%
War of the Worlds
62.1%
There Will be Blood
61.1%
Interstellar
58.6%
40 Year Old Virgin, The
57.6%
Crash
57.1%
Black Swan
56.7%
Great Gatsby, The
54.2%
Big Fish
53.7%
Napoleon Dynamite
52.7%
Moulin Rouge!
50.2%
Prestige, The
49.8%
Almost Famous
49.8%
Shutter Island
49.3%
Eastern Promises
46.3%
Silver Linings Playbook
45.3%
Eternal Sunshine of the Spotless Mind
44.3%
Donnie Darko
43.8%
Memento
42.9%
Gravity
42.9%
Mystic River
42.4%
Stranger than Fiction
42.4%
Where the Wild Things Are
40.4%
Traffic
33.5%
Hurt Locker, The
28.6%
Come Together.
Have Fun.
All Virtual.
We all need to come together. Play Sporcle's virtual live trivia to have fun, connect with people, and get your trivia on. Join a live hosted trivia game for your favorite pub trivia experience done virtually. If a virtual private party is more your thing, go here for details.

You're not logged in!

Compare scores with friends on all Sporcle quizzes.
OR
Log In

Sporcle TV

Today on Sporcle TV


Watch our educational content, quiz creation guides, and fun videos on Sporcle TV.

Show Comments

Extras

Top Quizzes Today


Score Distribution

Paid Content

Your Account Isn't Verified!

In order to create a playlist on Sporcle, you need to verify the email address you used during registration. Go to your Sporcle Settings to finish the process.

Report this User

Report this user for behavior that violates our Community Guidelines.

Details: